MEDICINAL AND PHARMACEUTICAL CHEMISTRY (Record no. 7447)

MARC details
000 -LEADER
fixed length control field 00452nam a22001697a 4500
005 - DATE AND TIME OF LATEST TRANSACTION
control field 20230128125119.0
008 - FIXED-LENGTH DATA ELEMENTS--GENERAL INFORMATION
fixed length control field 210218b ||||| |||| 00| 0 eng d
020 ## - INTERNATIONAL STANDARD BOOK NUMBER
ISBN 978-81-85731-77-3
041 ## - LANGUAGE CODE
Language code of text/sound track or separate title eng
082 ## - DEWEY DECIMAL CLASSIFICATION NUMBER
Classification number 615.19
Item number SIN-M
100 ## - MAIN ENTRY--AUTHOR NAME
Personal name SINGH, HARKISHAN AND KAPOOR, V K
245 ## - TITLE STATEMENT
Title MEDICINAL AND PHARMACEUTICAL CHEMISTRY
260 ## - PUBLICATION, DISTRIBUTION, ETC. (IMPRINT)
Place of publication DELHI
Name of publisher VALLABH PRAKASHAN
300 ## - PHYSICAL DESCRIPTION
Number of Pages 853,p
650 ## - SUBJECT ADDED ENTRY--TOPICAL TERM
Topical Term PHARMACY
General subdivision D.PHARMA
942 ## - ADDED ENTRY ELEMENTS (KOHA)
Koha item type Books
Holdings
Lost status Damaged status Collection code Home library Current library Shelving location Date acquired Source of acquisition Cost, normal purchase price Full call number Accession Number Koha item type
    PHARMACY JRU Library JRU Library SHELF-18-C 18/02/2021 PURCHES / LBI - 1710 / 11-2-21 950.00 615.19 25496 Books
    PHARMACY JRU Library JRU Library SHELF-18-C 18/02/2021 PURCHES / LBI - 1710 / 11-2-21 950.00 615.19 25497 Books
    PHARMACY JRU Library JRU Library SHELF-18-C 18/02/2021 PURCHES / LBI - 1710 / 11-2-21 950.00 615.19 25498 Books
    Reference JRU Library JRU Library SHELF-5-B 18/02/2021 PURCHES / LBI - 1710 / 11-2-21 950.00 615.19 25499 Books
    PHARMACY JRU Library JRU Library SHELF-18-C 18/02/2021 PURCHES / LBI - 1710 / 11-2-21 950.00 615.19 25500 Books
    PHARMACY JRU Library JRU Library SHELF-18-C 25/02/2022 PURCHASE 950.00 615.19 26625 Books
    PHARMACY JRU Library JRU Library SHELF-18-C 25/02/2022 PURCHASE 950.00 615.19 26626 Books
    PHARMACY JRU Library JRU Library SHELF-18-C 25/02/2022 PURCHASE 950.00 615.19 26627 Books
    PHARMACY JRU Library JRU Library SHELF-18-C 25/02/2022 PURCHASE 950.00 615.19 26628 Books
    PHARMACY JRU Library JRU Library SHELF-18-C 20/01/2023 LOHIA BOOK INTERNATIONAL 950.00 615.19 SIN-M 27337 Books
    PHARMACY JRU Library JRU Library SHELF-18-C 20/01/2023 LOHIA BOOK INTERNATIONAL 950.00 615.19 SIN-M 27338 Books